STN 74 6200: 2022 [neplatná], Vonkajšie okná, dvere a zasklené steny. Všeobecné požiadavky na navrhovanie, výrobu, zabudovanie a kontrolu

Bibliographic Details
Main Author: Snopko, Peter (Author)
Format: Book
Language:Slovak
PhysicalDescription:36 strán obrázky, schémy, tabuľky 30 cm
Norma je nahradená normou STN 74 6200 z apríla 2024 v celom rozsahu
Published: Bratislava Úrad pre normalizáciu, metrológiu a skúšobníctvo Slovenskej republiky 2022
Subjects:

MARC

LEADER 00000cam a2200000 a 4500
001 vtls012124462
003 SK-MaSNL
005 20260302025434.0
008 220222s2022 xo al fru 000 0 slo
015 |a SNBN2024 
040 |a SNK  |b slo  |c SNK  |e AACR2 
041 0 |a slo 
044 |a xo  |c SK 
046 |a m  |m 20220201 (účin.)  |n 20240401 (zruš.) 
072 7 |a 692  |x Konštrukčné prvky a časti stavieb  |2 konspekt 
080 |a 692.82  |2 2001 
080 |a 006.7/.8  |2 2011 
080 |a (437.6)  |2 2011 
080 |a (4)  |2 2011 
080 |a 692.81  |2 2001 
084 |a 91.060.50  |2 ICS 
245 0 0 |a STN 74 6200: 2022 [neplatná], Vonkajšie okná, dvere a zasklené steny. Všeobecné požiadavky na navrhovanie, výrobu, zabudovanie a kontrolu 
246 1 0 |a Vonkajšie okná, dvere a zasklené steny 
246 1 0 |a Všeobecné požiadavky na navrhovanie, výrobu, zabudovanie a kontrolu 
260 |a Bratislava  |b Úrad pre normalizáciu, metrológiu a skúšobníctvo Slovenskej republiky  |c 2022 
300 |a 36 strán  |b obrázky, schémy, tabuľky  |c 30 cm 
300 |a Norma je nahradená normou STN 74 6200 z apríla 2024 v celom rozsahu 
500 |a Súbežný názov v angličtine, francúzštine, nemčine 
500 |a Spracovateľ: SLOVENERGOokno, Bratislava,Peter Snopko 
500 |a Táto norma nahrádza STN 74 6101-1 z mája 2005, STN 74 6101-2 z mája 2005, STN 74 6183 z júla 2006, STN 74 6210 z februára 2014 a STN 74 6406 z júla 2005 v celom rozsahu 
504 |a Súvisiace právne predpisy na strane 2 a bibliografia na strane 29-33 
540 |a STN vydané na akomkoľvek nosiči sa môžu rozmnožovať a rozširovať iba so súhlasom určenej právnickej osoby  |b SÚTN Bratislava  |c zákon 60/2018 Z. z. 
650 0 7 |a okná  |2 SNKPH  |9 21896 
650 0 7 |a technické normy a štandardy  |z Slovensko  |2 SNKPH  |9 79594 
650 0 7 |a časti stavieb  |2 SNKPH  |9 87407 
650 0 7 |a dvere  |2 SNKPH  |9 24258 
650 0 7 |a zasklené steny  |2 SNKPH  |9 674735 
650 0 7 |a Windows  |2 SNKPHeng  |9 304416 
650 0 7 |a Doors  |2 SNKPHeng  |9 305702 
655 7 |a normy  |2 SNKPH  |9 70643 
700 1 |a Snopko, Peter  |4 aut  |9 485642 
710 1 |a Slovensko.  |b Úrad pre normalizáciu, metrológiu a skúšobníctvo  |4 stn  |9 158117 
710 2 |a Slovenský ústav technickej normalizácie (Bratislava, Slovensko).  |b Technická komisia č. 96 Otvorové výplnč a ľahké obvodobé plášte  |4 stn  |9 674736 
710 2 |a SLOVENERGOokno (Bratislava, Slovensko)  |4 stn  |9 570471 
852 |a Štátna vedecká knižnica v Banskej Bystrici 
958 |a NB 
999 |c 1044169  |d 1046099 
952 |a SNK  |b SNK  |y PREZ  |7 0  |p 17A1538394  |o snkSTN 74 6200  |i snk2024/2738  |8 0  |0 0  |1 0  |4 0  |d 2024-02-17  |l 0  |r 2026-02-24 14:34:45  |w 2026-02-24